Español 6 : (Registro nro. 9717)

Detalles MARC
000 -LIDER
fixed length control field 01413nam a2200301 a 4500
001 - NÚMERO DE CONTROL
Identificador de número de control 00003850
003 - IDENTIFICACDOR DE NÚMERO DE CONTROL
control field DO-SdBNP
005 - DATE AND TIME OF LATEST TRANSACTION
control field 20180312101858.0
007 - CAMPOS FIJOS DE DESCRIPCIÓN FÍSICA
fixed length control field 00003850
008 - ELEMENTOS DE LONGITUD FIJA
fixed length control field 091117s2004 dr ac 000 0 spa d
020 ## - ISBN
International Standard Book Number 9993486191
040 ## - FUENTE DE CATALOGACIÓN
Agencia que crea de manera original el registro BNPHU
Idioma de catalogación spa
Agencia que realiza la transcripción BNPHU
082 ## - NÚMERO DE CLASIFICACIÓN DECIMAL DE DEWEY
Classification number xxxx
Item number xxxx
100 1# - ASIENTO PRINCIPAL -- NOMBRE PERSONAL
Nombre personal Incháustegui, María Isabel
245 00 - MENCIÓN DE TITULO
Título Español 6 :
Subtítulo educación básica /
Mención de responsabilidad María Isabel Incháustegui ; dirección editorial Obdulia García de Escobar ; ilustraciones Ruddy Núñez.
260 ## - PUBLICACIÓN, DISTRIBUCIÓN, ETC. (PIE DE IMPRENTA)
Lugar de publicación, distribución, etc Santo Domingo :
Nombre del editor, distribuidor, etc. Santillana,
Fecha de publicación, distribución, etc 2004.
300 ## - DESCRIPCIÓN FÍSICA
Extensión 191 p. :
Otros detalles físicos il., retrs. ;
Dimensiones 28 cm.
490 1# - MENCIÓN DE SERIES
Mención de serie Ámbar
505 0# - NOTA DE CONTENIDO
Información miscelánea v. 6 :
-- unidad 1 --
Título Un cuento de miedo --
Información miscelánea unidad 2 --
Título Las fábulas --
Información miscelánea unidad 3 --
Título Una historia personal --
Información miscelánea unidad 4 --
Título Un cuento popular --
Información miscelánea unidad 5 --
Título Un cuento de navidad --
Información miscelánea unidad 6 --
Título Un cuento fantástico --
Información miscelánea unidad 7 --
Título Leyendas americanas --
Información miscelánea unidad 8 --
Título Valoremos la familia --
Información miscelánea unidad 9 --
Título El trabajo de exploración --
Información miscelánea unidad 10 --
Título Por un mundo mejor --
Información miscelánea unidad 11 --
Título Una historia antigua --
-- Apéndices: Verbos irregulares
700 1# - ASIENTO SECUNDARIO -- NOMBRE PERSONAL
Nombre personal García Cartagena, Manuel
700 1# - ASIENTO SECUNDARIO -- NOMBRE PERSONAL
Nombre personal García Escobar, Obdulia de,
Mención de responsabilidad ed.
700 1# - ASIENTO SECUNDARIO -- NOMBRE PERSONAL
Nombre personal Núñez, Ruddy,
Mención de responsabilidad il.
830 #0 - ASIENTO SECUNDARIO DE SERIE--TÍTULO UNIFORME
Título uniforme Ámbar
942 ## - ADDED ENTRY ELEMENTS (KOHA)
Source of classification or shelving scheme Dewey Decimal Classification
Koha item type Libros
945 ## - INFORMACIÓN DE PROCESAMIENTO LOCAL
Información de procesamiento local Remanejado para la BNPHU / 2018 VM
956 ## - LOCAL ELECTRONIC LOCATION AND ACCESS (OCLC)
Nombre de host VMATEO
Número de acceso 10
Información de compresión 20150813
Inicio de sesión BPMSU
Procesador de solicitud 00151
956 ## - LOCAL ELECTRONIC LOCATION AND ACCESS (OCLC)
Nombre de host LOPEREZ
Número de acceso 10
Información de compresión 20160412
Inicio de sesión BPMSU
Procesador de solicitud 0041
Existencias
Withdrawn status Lost status Source of classification or shelving scheme Damaged status Not for loan Collection code Home library Current library Date acquired Source of acquisition Total Checkouts Full call number Barcode Date last seen Price effective from Koha item type
    Dewey Decimal Classification     Colección Escolar Biblioteca Pública Metropolitana Salomé Ureña Biblioteca Pública Metropolitana Salomé Ureña 04/12/2016 Donación   xxxx xxxx BPMSU16040364 04/12/2016 04/12/2016 Libros